| 000 | 00426cam a2200169ua 4500 | ||
|---|---|---|---|
| 020 | _c1.00 | ||
| 041 |
_amal _h |
||
| 082 |
_a894.812308 _bPRA/BI |
||
| 100 | _aPrassanan, G Mullassery . | ||
| 245 |
_aBiblile Apsarasu / _cMullassery G Prassnan. _hTextual Documents |
||
| 260 |
_aTiruvalla : _bSouthern book stall , _c1961. |
||
| 300 | _a87 ; . | ||
| 365 | _a1.00 | ||
| 504 | _a | ||
| 942 | _cBK | ||
| 999 |
_c4255 _d4255 |
||